[Event "FIN-chT2 Gp1 1718"]
[Site "Finland"]
[Date "2017.10.21"]
[Round "3.4"]
[White "Ertbjerg, Per"]
[Black "Pesola, Jyrki"]
[Result "1/2-1/2"]
[WhiteElo "1888"]
[BlackElo "1905"]
[PlyCount "100"]
[EventDate "2017.09.16"]
[EventType "team-tourn"]
[EventRounds "7"]
[EventCountry "FIN"]
[SourceTitle "EXT 2020"]
[Source "ChessBase"]
[SourceDate "2019.10.17"]
[SourceVersion "1"]
[SourceVersionDate "2019.10.17"]
[SourceQuality "1"]
[WhiteTeam "Helsinki HSK"]
[BlackTeam "Helsinki KS 58 II"]
[WhiteTeamCountry "FIN"]
[BlackTeamCountry "FIN"]

1. d4 f5 2. Bg5 g6 3. e3 Bg7 4. Nc3 d5 5. Be2 Nf6 6. h4 h6 7. Bxf6 Bxf6 8. Nh3 Be6 9. Nf4 Bf7 10. g4 e6 11. gxf5 exf5 12. Qd3 Qd7 13. 0-0-0 Nc6 14. Qb5 0-0-0 15. Nd3 a6 16. Qa4 Na7 17. Qb3 Qd6 18. Nc5 Qb6 19. Qa3 Be8 20. N3a4 Bxa4 21. Qxa4 Qc6 22. Qb4 Qb6 23. Qxb6 cxb6 24. Ne6 Rd6 25. Nf4 g5 26. hxg5 hxg5 27. Rxh8+ Bxh8 28. Rh1 Bf6 29. Nh5 Nc6 30. Nxf6 Rxf6 31. Rh8+ Kd7 32. Rg8 g4 33. Rg7+ Ne7 34. Kd2 Kd6 35. f3 gxf3 36. Bxf3 Rg6 37. Rf7 Ke6 38. Rf8 Kd7 39. Rb8 Kc7 40. Rf8 b5 41. Kd3 Kd7 42. Rf7 Ke6 43. Rh7 Kd6 44. Bh5 Rf6 45. b3 b4 46. c4 bxc3 47. Kxc3 a5 48. a3 b6 49. b4 axb4+ 50. axb4 f4 1/2-1/2

[Event "Heart of Finland op 26th"]
[Site "Jyvaskyla"]
[Date "2016.07.23"]
[Round "8"]
[White "Penttila, Tero"]
[Black "Pesola, Jyrki"]
[Result "1/2-1/2"]
[WhiteElo "1994"]
[BlackElo "1915"]
[PlyCount "107"]
[EventDate "2016.07.18"]
[EventType "swiss"]
[EventRounds "9"]
[EventCountry "FIN"]
[SourceTitle "EXT 2022"]
[Source "ChessBase"]
[SourceDate "2021.10.06"]
[SourceVersion "1"]
[SourceVersionDate "2021.10.06"]
[SourceQuality "1"]

1. e4 c5 2. Nf3 Nf6 3. Nc3 d5 4. exd5 Nxd5 5. Bb5+ Bd7 6. Ne5 Nf6 7. Qf3 Qc7 8. 0-0 Nc6 9. Nxd7 Nxd7 10. Bxc6 Qxc6 11. Qxc6 bxc6 12. b3 e6 13. Bb2 Be7 14. Rfe1 Bf6 15. Na4 Bxb2 16. Nxb2 0-0 17. Re4 Nb6 18. Re5 Nd7 19. Re3 Rfd8 20. Rc3 Rab8 21. a4 Rb4 22. Rd1 Rd4 23. Nd3 Rd5 24. b4 Ne5 25. Rxc5 Nxd3 26. Rxd5 Rxd5 27. cxd3 Rxd3 28. Rc1 Rxd2 29. Kf1 g6 30. Rxc6 Rd4 31. Rc7 a5 32. bxa5 Rxa4 33. Ra7 Kg7 34. g3 h5 35. h4 Kf6 36. Ke2 Ke5 37. Kd3 f6 38. Kc3 Ra2 39. f3 Ra3+ 40. Kb4 Rxf3 41. a6 Rxg3 42. Rb7 Rg1 43. Rb5+ Kd4 44. Ka5 Ra1+ 45. Kb6 Rxa6+ 46. Kxa6 e5 47. Rb6 e4 48. Rxf6 e3 49. Rxg6 e2 50. Re6 Kd3 51. Kb5 Kd2 52. Rd6+ Kc1 53. Rc6+ Kd2 54. Rd6+ 1/2-1/2

[Event "Prague op-A 14th"]
[Site "Prague"]
[Date "2015.01.10"]
[Round "3"]
[White "Fang, Yuxiang"]
[Black "Pesola, Jyrki"]
[Result "1-0"]
[WhiteElo "2365"]
[BlackElo "1898"]
[PlyCount "37"]
[EventDate "2015.01.09"]
[EventType "swiss"]
[EventRounds "9"]
[EventCountry "CZE"]
[SourceTitle "CBM 164 Extra"]
[Source "ChessBase"]
[SourceDate "2015.03.02"]
[SourceVersion "1"]
[SourceVersionDate "2015.03.02"]
[SourceQuality "1"]

1. d4 f5 2. Nc3 d5 3. Bf4 c6 4. e3 Nf6 5. Bd3 e6 6. Nf3 Bd6 7. Ne2 0-0 8. 0-0 Qc7 9. c4 Nh5 10. Bxd6 Qxd6 11. Qc2 Nf6 12. cxd5 Nxd5 13. a3 a5 14. Nc3 Nd7 15. Nxd5 cxd5 16. Rfc1 Nb8 17. Ne5 Na6 18. Bxa6 Rxa6 19. Qxc8 1-0

[Event "Budapest Spring op 30th"]
[Site "Budapest"]
[Date "2014.03.18"]
[Round "5"]
[White "Szalay, Janos"]
[Black "Pesola, Jyrki"]
[Result "0-1"]
[WhiteElo "1795"]
[BlackElo "1863"]
[PlyCount "130"]
[EventDate "2014.03.14"]
[EventType "swiss"]
[EventRounds "9"]
[EventCountry "HUN"]
[SourceTitle "CBM 159 Extra"]
[Source "ChessBase"]
[SourceDate "2014.04.24"]
[SourceVersion "1"]
[SourceVersionDate "2014.04.24"]
[SourceQuality "1"]

1. f4 d5 2. e3 Nf6 3. Nf3 g6 4. Be2 Bg7 5. 0-0 0-0 6. Ne5 c5 7. d4 Qc7 8. c3 Ne4 9. Nd2 f6 10. Nxe4 dxe4 11. Ng4 Rd8 12. Nf2 f5 13. g4 e5 14. Qb3+ Kh8 15. dxe5 Nc6 16. Qc2 Nxe5 17. Nxe4 fxe4 18. fxe5 Bxe5 19. Qxe4 Bxh2+ 20. Kh1 Bd7 21. Qg2 Bc6 22. e4 Be5 23. Bc4 Rd7 24. Bg5 Kg7 25. Be6 h6 26. Bxd7 Qxd7 27. Bf4 Bf6 28. Rad1 Qe6 29. Rde1 Re8 30. Kh2 Bxe4 31. Bxh6+ Kxh6 32. Rxf6 Qxf6 33. Rxe4 Rxe4 34. Qxe4 b6 35. Kg2 Kg5 36. Kg3 Qd6+ 37. Kh3 Qf6 38. Qd5+ Kh6 39. Kg3 Qe7 40. Qh1+ Kg7 41. Qf3 Qd7 42. Kh3 Qd2 43. Qb7+ Kh6 44. Qf3 Qxb2 45. Qf8+ Kg5 46. Qe7+ Kf4 47. Qd6+ Ke3 48. Qxg6 Qxc3 49. Kh4 Qe1+ 50. Kg5 Kd4 51. Qf6+ Qe5+ 52. Kg6 Qxf6+ 53. Kxf6 c4 54. g5 c3 55. g6 c2 56. g7 c1Q 57. g8Q Qf4+ 58. Ke6 Qe5+ 59. Kd7 Qd5+ 60. Qxd5+ Kxd5 61. Kc7 Kc5 62. Kb7 a5 63. Ka6 Kc6 64. a4 Kc5 65. Kb7 b5 0-1

[Event "Berlin Lichtenrade op 09th"]
[Site "Berlin"]
[Date "2013.10.01"]
[Round "4"]
[White "Giemsa, Stephan"]
[Black "Pesola, Jyrki"]
[Result "1-0"]
[WhiteElo "2321"]
[BlackElo "1880"]
[PlyCount "43"]
[EventDate "2013.09.28"]
[EventType "swiss"]
[EventRounds "9"]
[EventCountry "GER"]
[SourceTitle "CBM 156 Extra"]
[Source "ChessBase"]
[SourceDate "2013.10.22"]
[SourceVersion "1"]
[SourceVersionDate "2013.10.22"]
[SourceQuality "1"]

1. d4 f5 2. Nc3 Nf6 3. Bg5 d5 4. e3 c6 5. Bd3 Qd6 6. Bf4 Qb4 7. a3 Qa5 8. Nf3 e6 9. 0-0 Be7 10. Ne2 0-0 11. c4 Qd8 12. b4 a6 13. h3 Ne4 14. Ne5 Nd7 15. f3 Nd6 16. cxd5 cxd5 17. Rc1 Nxe5 18. Bxe5 Nf7 19. Bc7 Qe8 20. e4 fxe4 21. fxe4 Bd6 22. Rxf7 1-0

[Event "Heart of Finland op 22nd"]
[Site "Jyvaskyla"]
[Date "2012.07.13"]
[Round "7"]
[White "Kivipelto, Kaj Erik"]
[Black "Pesola, Jyrki"]
[Result "1-0"]
[WhiteElo "2181"]
[BlackElo "1936"]
[PlyCount "61"]
[EventDate "2012.07.09"]
[EventType "swiss"]
[EventRounds "9"]
[EventCountry "FIN"]
[SourceTitle "EXT 2022"]
[Source "ChessBase"]
[SourceDate "2021.10.06"]
[SourceVersion "1"]
[SourceVersionDate "2021.10.06"]
[SourceQuality "1"]

1. e4 c5 2. b4 cxb4 3. Bb2 d5 4. exd5 Qxd5 5. d4 Nf6 6. c4 bxc3 7. Nxc3 Qa5 8. Bc4 e6 9. Nge2 Be7 10. 0-0 Bd7 11. d5 exd5 12. Nxd5 Nxd5 13. Bxd5 Bc6 14. Bxc6+ Nxc6 15. Bxg7 Rg8 16. Bc3 Qg5 17. Ng3 Rd8 18. Qe2 Rd6 19. Rab1 b6 20. Rb5 Qg4 21. Qb2 h5 22. Rxh5 Nd4 23. Re5 Ne6 24. Re4 Qg5 25. Rfe1 Rg6 26. Re5 Qh4 27. Qb5+ Kf8 28. Rh5 Qf4 29. Rh8+ Rg8 30. Rxg8+ Kxg8 31. Nf5 1-0

[Event "Heart of Finland op 22nd"]
[Site "Jyvaskyla"]
[Date "2012.07.10"]
[Round "3"]
[White "Pesola, Jyrki"]
[Black "Grinberg, Iosif P"]
[Result "0-1"]
[WhiteElo "1936"]
[BlackElo "2196"]
[PlyCount "48"]
[EventDate "2012.07.09"]
[EventType "swiss"]
[EventRounds "9"]
[EventCountry "FIN"]
[SourceTitle "EXT 2022"]
[Source "ChessBase"]
[SourceDate "2021.10.06"]
[SourceVersion "1"]
[SourceVersionDate "2021.10.06"]
[SourceQuality "1"]

1. e4 Nc6 2. Nf3 e5 3. Bb5 a6 4. Ba4 Nf6 5. 0-0 Be7 6. Re1 b5 7. Bb3 d6 8. c3 0-0 9. h3 Na5 10. Bc2 c5 11. d4 Qc7 12. Nbd2 Rd8 13. d5 c4 14. Nf1 Nb7 15. Bg5 Nc5 16. Ng3 a5 17. a4 b4 18. Nd2 bxc3 19. bxc3 Nxd5 20. Bxe7 Nxe7 21. Qe2 Ba6 22. Qg4 Nd3 23. Re3 Rab8 24. Nxc4 Nxf2 0-1

[Event "Berlin Lichtenrade op 06th"]
[Site "Berlin"]
[Date "2010.10.19"]
[Round "4"]
[White "Pesola, Jyrki"]
[Black "Hahlbohm, Matthias"]
[Result "0-1"]
[WhiteElo "1912"]
[BlackElo "2095"]
[PlyCount "84"]
[EventDate "2010.10.16"]
[EventType "swiss"]
[EventRounds "9"]
[EventCountry "GER"]
[SourceTitle "CBM 138 Extra"]
[Source "ChessBase"]
[SourceDate "2010.10.29"]
[SourceVersion "1"]
[SourceVersionDate "2010.10.29"]
[SourceQuality "1"]

1. e4 c5 2. Nf3 d6 3. d4 cxd4 4. Nxd4 Nf6 5. Nc3 a6 6. Bg5 e6 7. f4 Be7 8. Qf3 Qc7 9. 0-0-0 Nbd7 10. g4 h6 11. Bxf6 Bxf6 12. h4 Be7 13. g5 Nf8 14. f5 hxg5 15. hxg5 Bxg5+ 16. Kb1 Rxh1 17. Qxh1 Bf6 18. fxe6 Bxe6 19. Bh3 Be5 20. Nd5 Qa5 21. Nb3 Qd8 22. c4 Rc8 23. c5 dxc5 24. Nf4 Qf6 25. Nd5 Qh6 26. Bxe6 Qxe6 27. Qf3 b5 28. Qe3 Nd7 29. Rh1 g6 30. Nf4 Qd6 31. Nd3 Bg7 32. e5 Qe7 33. e6 Qxe6 34. Qg3 Kf8 35. Re1 Qf6 36. Qh3 Rd8 37. Rf1 Qd6 38. Qf3 f5 39. Na5 Ne5 40. Nxe5 Qxe5 41. Rf2 Qe1+ 42. Kc2 Qxa5 0-1

[Event "Berlin Lichtenrade op 06th"]
[Site "Berlin"]
[Date "2010.10.17"]
[Round "2"]
[White "Pesola, Jyrki"]
[Black "Boettcher, Patrick"]
[Result "0-1"]
[WhiteElo "1912"]
[BlackElo "2177"]
[PlyCount "98"]
[EventDate "2010.10.16"]
[EventType "swiss"]
[EventRounds "9"]
[EventCountry "GER"]
[SourceTitle "CBM 138 Extra"]
[Source "ChessBase"]
[SourceDate "2010.10.29"]
[SourceVersion "1"]
[SourceVersionDate "2010.10.29"]
[SourceQuality "1"]

1. e4 c5 2. Nf3 d6 3. d4 cxd4 4. Nxd4 Nf6 5. Nc3 g6 6. Be3 Bg7 7. f3 Nc6 8. Qd2 0-0 9. 0-0-0 d5 10. Qe1 e5 11. Nxc6 bxc6 12. exd5 Nxd5 13. Bc4 Be6 14. h4 h6 15. g4 Re8 16. Ne4 Qc7 17. Bc5 Red8 18. Ba3 Nf4 19. Bxe6 Nxe6 20. c3 Rd5 21. Qe2 Rad8 22. g5 h5 23. Nf6+ Bxf6 24. gxf6 Nf4 25. Qc4 Rxd1+ 26. Rxd1 Rxd1+ 27. Kxd1 Qd8+ 28. Kc2 Qxf6 29. Qc5 Qf5+ 30. Kb3 Qe6+ 31. Kc2 Qf5+ 32. Kb3 Qe6+ 33. Kc2 e4 34. Qf8+ Kh7 35. fxe4 Qxe4+ 36. Kb3 Qd5+ 37. Kc2 Qd3+ 38. Kb3 Qd5+ 39. Kc2 a5 40. Bd6 a4 41. Kc1 Nd3+ 42. Kd2 Nxb2+ 43. Ke1 Qe4+ 44. Kf1 Qf3+ 45. Kg1 Nd3 46. Qe7 Qf2+ 47. Kh1 Ne1 48. Qg5 Nf3 49. Qg3 Qf1+ 0-1

[Event "Berlin Lichtenrade op 05th"]
[Site "Berlin"]
[Date "2009.10.18"]
[Round "2"]
[White "Stachanczyk, Jacek"]
[Black "Pesola, Jyrki"]
[Result "1-0"]
[WhiteElo "2212"]
[BlackElo "1946"]
[PlyCount "65"]
[EventDate "2009.10.11"]
[EventType "swiss"]
[EventRounds "9"]
[EventCountry "GER"]
[SourceTitle "EXT 2010"]
[Source "ChessBase"]
[SourceDate "2010.11.25"]
[SourceVersion "1"]
[SourceVersionDate "2010.11.25"]
[SourceQuality "1"]

1. e4 c5 2. Nf3 Nf6 3. Nc3 d5 4. exd5 Nxd5 5. Bb5+ Bd7 6. Ne5 Nf6 7. Qf3 Qc7 8. Nxd7 Nbxd7 9. d3 a6 10. Bf4 e5 11. Bxd7+ Nxd7 12. Bg3 Bd6 13. 0-0 0-0 14. a4 Rac8 15. Rfe1 Rfe8 16. Nd5 Qc6 17. Qe4 Re6 18. b3 Rce8 19. a5 Bb8 20. Qc4 Rd6 21. Ne3 Rd4 22. Qc3 g6 23. Nc4 f5 24. f3 Rd5 25. Re2 Qf6 26. Rae1 Kf7 27. Qb2 Rd4 28. b4 cxb4 29. Qxb4 Qc6 30. Qb3 Kf6 31. Rb1 Nc5 32. Qa3 Rd5 33. Rb6 1-0